[Event "Copenhagen Bronshoj op"]
[Site "Copenhagen"]
[Date "2014.02.10"]
[Round "6"]
[White "Jensen, Simon Stibolt"]
[Black "Krull, Carl"]
[Result "0-1"]
[WhiteElo "1688"]
[BlackElo "1770"]
[PlyCount "56"]
[EventDate "2014.02.07"]
[EventType "swiss"]
[EventRounds "7"]
[EventCountry "DEN"]
[SourceTitle "CBM 158 Extra"]
[Source "ChessBase"]
[SourceDate "2014.02.28"]
[SourceVersion "1"]
[SourceVersionDate "2014.02.28"]
[SourceQuality "1"]

1. e4 e5 2. Nf3 Nc6 3. Bb5 a6 4. Ba4 Bc5 5. d3 d6 6. Bb3 Be6 7. Bg5 Nge7 8. Bxe6 fxe6 9. c3 h6 10. Be3 Bxe3 11. fxe3 Qd7 12. Qb3 0-0-0 13. d4 exd4 14. exd4 d5 15. Nbd2 dxe4 16. Nxe4 Qd5 17. Qc2 Nf5 18. Nc5 Rhe8 19. Qe4 b6 20. Qd3 bxc5 21. Qxa6+ Kd7 22. 0-0-0 Ke7 23. Qb7 Kf8 24. Qxc7 cxd4 25. Nxd4 Ncxd4 26. Rxd4 Nxd4 27. Rf1+ Nf5 28. g4 Qd2+ 0-1

[Event "Copenhagen Bronshoj op"]
[Site "Copenhagen"]
[Date "2014.02.07"]
[Round "1"]
[White "Luther, Lasse"]
[Black "Jensen, Simon Stibolt"]
[Result "1-0"]
[WhiteElo "2031"]
[BlackElo "1688"]
[PlyCount "59"]
[EventDate "2014.02.07"]
[EventType "swiss"]
[EventRounds "7"]
[EventCountry "DEN"]
[SourceTitle "CBM 158 Extra"]
[Source "ChessBase"]
[SourceDate "2014.02.28"]
[SourceVersion "1"]
[SourceVersionDate "2014.02.28"]
[SourceQuality "1"]

1. e4 c5 2. Nc3 Nc6 3. g3 e5 4. Bg2 Nd4 5. d3 h6 6. f4 d6 7. Nf3 Bg4 8. h3 Bxf3 9. Bxf3 Nxf3+ 10. Qxf3 Qd7 11. Be3 b6 12. Nd5 0-0-0 13. a4 f6 14. b4 Ne7 15. a5 Nxd5 16. exd5 Qb5 17. 0-0 Qxb4 18. Rfb1 Qc3 19. axb6 axb6 20. Ra8+ Kd7 21. Ra7+ Kc8 22. Rba1 b5 23. Qg4+ Kb8 24. Ra8+ Kc7 25. R1a7+ Kb6 26. Ra6+ Kb7 27. Rxd8 Qe1+ 28. Kg2 Kxa6 29. Ra8+ Kb6 30. Qc8 1-0

[Event "DEN-ch Kort 2-2"]
[Site "Helsingor"]
[Date "2013.03.30"]
[Round "4"]
[White "Vestergaard, Svend"]
[Black "Jensen, Simon Stibolt"]
[Result "1/2-1/2"]
[WhiteElo "1734"]
[BlackElo "1673"]
[PlyCount "52"]
[EventDate "2013.03.28"]
[EventType "swiss"]
[EventRounds "5"]
[EventCountry "DEN"]
[SourceTitle "EXT 2023"]
[Source "ChessBase"]
[SourceDate "2022.10.05"]
[SourceVersion "1"]
[SourceVersionDate "2022.10.05"]
[SourceQuality "1"]

1. d4 e6 2. Bf4 d5 3. Nf3 Bd6 4. Bxd6 Qxd6 5. c3 Nf6 6. e3 0-0 7. Bd3 b6 8. Nbd2 Ba6 9. Qc2 Bxd3 10. Qxd3 c5 11. 0-0 c4 12. Qe2 Nc6 13. Ng5 h6 14. Nh3 Ne7 15. f4 Nf5 16. e4 dxe4 17. Nxe4 Nxe4 18. Qxe4 Qd5 19. Qe5 Qd6 20. Rfe1 Qxe5 21. Rxe5 Rfd8 22. Rae1 Ne7 23. g4 Nc6 24. R5e3 Rd6 25. Kg2 Rd5 26. Kg3 Ra5 1/2-1/2

[Event "DEN-ch Kort 2-2"]
[Site "Helsingor"]
[Date "2013.03.29"]
[Round "3"]
[White "Jensen, Simon Stibolt"]
[Black "Andersen, Aage Kristian"]
[Result "0-1"]
[WhiteElo "1673"]
[BlackElo "1620"]
[PlyCount "78"]
[EventDate "2013.03.28"]
[EventType "swiss"]
[EventRounds "5"]
[EventCountry "DEN"]
[SourceTitle "EXT 2023"]
[Source "ChessBase"]
[SourceDate "2022.10.05"]
[SourceVersion "1"]
[SourceVersionDate "2022.10.05"]
[SourceQuality "1"]

1. e4 e5 2. Nf3 Nc6 3. Bb5 d6 4. d4 exd4 5. Nxd4 Bd7 6. Nxc6 bxc6 7. Bc4 Nf6 8. 0-0 Be7 9. Nc3 0-0 10. h3 Be6 11. Ba6 Rb8 12. Bd3 Nd7 13. f4 f5 14. exf5 Bxf5 15. Bxf5 Rxf5 16. Qd3 Rf7 17. Qa6 d5 18. Qxc6 Nf6 19. Qe6 Rb6 20. Qe1 Qd7 21. b3 d4 22. Na4 Re6 23. Qd1 Ne4 24. Bb2 Ng3 25. Rf2 c5 26. Ba3 Qc6 27. Bc1 Qe4 28. Kh2 Nf5 29. Qf3 Qxf3 30. Rxf3 Re2 31. c4 Nh4 32. Rg3 Nf5 33. Bb2 Nxg3 34. Kxg3 Bd6 35. Rf1 Rf6 36. Kg4 Rg6+ 37. Kf5 Rgxg2 38. Bc1 g6+ 39. Kf6 Be7# 0-1

[Event "DEN-ch Kort 1-2"]
[Site "Helsingor"]
[Date "2013.03.25"]
[Round "5"]
[White "Jensen, Simon Stibolt"]
[Black "Jensen Lynch, Jonathan"]
[Result "0-1"]
[WhiteElo "1673"]
[BlackElo "1571"]
[PlyCount "72"]
[EventDate "2013.03.23"]
[EventType "swiss"]
[EventRounds "5"]
[EventCountry "DEN"]
[SourceTitle "EXT 2023"]
[Source "ChessBase"]
[SourceDate "2022.10.05"]
[SourceVersion "1"]
[SourceVersionDate "2022.10.05"]
[SourceQuality "1"]

1. e4 c5 2. Nf3 Nc6 3. Bb5 a6 4. Bxc6 bxc6 5. 0-0 g6 6. d4 d5 7. exd5 cxd5 8. c3 Bg4 9. dxc5 Bxf3 10. Qxf3 e5 11. Re1 e4 12. b4 Bg7 13. Bb2 Ne7 14. Qd1 0-0 15. Na3 Nc6 16. Nc2 Ne5 17. Nd4 Nd3 18. Re2 Qg5 19. Bc1 Qe5 20. Qb3 Qh5 21. Qc2 Be5 22. h3 Rac8 23. a3 f5 24. Re3 f4 25. Rxd3 exd3 26. Qxd3 Bxd4 27. Qxd4 Rce8 28. Bb2 Re4 29. Qd1 f3 30. g3 Rfe8 31. Kh2 Re2 32. Qd4 R8e4 33. Qf6 Rxf2+ 34. Kg1 Rxb2 35. Qd8+ Kf7 36. g4 f2+ 0-1

[Event "DEN-ch Kort 1-2"]
[Site "Helsingor"]
[Date "2013.03.24"]
[Round "2"]
[White "Jensen, Simon Stibolt"]
[Black "Jensen, Torben Brieghel"]
[Result "1-0"]
[WhiteElo "1673"]
[BlackElo "1539"]
[PlyCount "67"]
[EventDate "2013.03.23"]
[EventType "swiss"]
[EventRounds "5"]
[EventCountry "DEN"]
[SourceTitle "EXT 2023"]
[Source "ChessBase"]
[SourceDate "2022.10.05"]
[SourceVersion "1"]
[SourceVersionDate "2022.10.05"]
[SourceQuality "1"]

1. e4 e6 2. d4 d5 3. exd5 exd5 4. Bf4 Nf6 5. Nf3 Bd6 6. Bxd6 Qxd6 7. Bd3 0-0 8. 0-0 Bg4 9. Nbd2 Nbd7 10. c3 c6 11. Qc2 Bh5 12. Rfe1 Rae8 13. Qb3 b5 14. a4 a6 15. axb5 axb5 16. Rxe8 Rxe8 17. Ra6 Bxf3 18. Nxf3 Qf4 19. Rxc6 Ne4 20. Qd1 Rb8 21. Ra6 g5 22. Bxe4 dxe4 23. Nd2 e3 24. fxe3 Qxe3+ 25. Kf1 Nb6 26. Qe2 Qf4+ 27. Nf3 Nc4 28. Kg1 Qc1+ 29. Qf1 Qf4 30. Qe2 h5 31. Ra1 g4 32. Ne5 Re8 33. Rf1 Rxe5 34. dxe5 1-0

[Event "Politiken Cup 34th"]
[Site "Helsingor"]
[Date "2012.08.04"]
[Round "9"]
[White "Jensen, Simon Stibolt"]
[Black "Christophersen, David"]
[Result "0-1"]
[WhiteElo "1687"]
[BlackElo "1832"]
[PlyCount "94"]
[EventDate "2012.07.28"]
[EventType "swiss"]
[EventRounds "10"]
[EventCountry "DEN"]
[SourceTitle "CBM 149 Extra"]
[Source "ChessBase"]
[SourceDate "2012.08.24"]
[SourceVersion "1"]
[SourceVersionDate "2012.08.24"]
[SourceQuality "1"]

1. e4 d6 2. d4 Nf6 3. Bd3 g6 4. c3 Bg7 5. Bg5 h6 6. Bh4 Nbd7 7. Nf3 b6 8. 0-0 g5 9. Bg3 Nh5 10. Nbd2 Nxg3 11. fxg3 Bb7 12. Qe2 c6 13. Rf2 Qc7 14. Raf1 0-0-0 15. Ba6 f6 16. Bc4 Kb8 17. Be6 Nf8 18. Bc4 b5 19. Bb3 h5 20. d5 Ng6 21. Nd4 Qb6 22. Ne6 Rdg8 23. dxc6 Bxc6 24. Nxg5 fxg5 25. Bxg8 Rxg8 26. Qxh5 Bf6 27. Kh1 Ne5 28. Qe2 Bd7 29. h3 Rh8 30. Kg1 g4 31. h4 Bxh4 32. gxh4 g3 33. Nb3 gxf2+ 34. Rxf2 Ng4 35. Nd4 Nxf2 36. Qxf2 e5 37. Qf6 Rd8 38. h5 exd4 39. cxd4 d5 40. Qe5+ Qc7 41. Qxd5 Bc6 42. Qc5 Bxe4 43. Qxb5+ Qb7 44. Qe5+ Ka8 45. h6 Rg8 46. Kf2 Bxg2 47. h7 Qxb2+ 0-1

[Event "Politiken Cup 34th"]
[Site "Helsingor"]
[Date "2012.08.01"]
[Round "6"]
[White "Hansen, Verner"]
[Black "Jensen, Simon Stibolt"]
[Result "1-0"]
[WhiteElo "1878"]
[BlackElo "1687"]
[PlyCount "120"]
[EventDate "2012.07.28"]
[EventType "swiss"]
[EventRounds "10"]
[EventCountry "DEN"]
[SourceTitle "CBM 149 Extra"]
[Source "ChessBase"]
[SourceDate "2012.08.24"]
[SourceVersion "1"]
[SourceVersionDate "2012.08.24"]
[SourceQuality "1"]

1. e4 e5 2. Nf3 d6 3. d4 exd4 4. Nxd4 Nf6 5. Nc3 Be7 6. Bc4 0-0 7. 0-0 c6 8. Re1 c5 9. Nf3 Nc6 10. h3 Ne5 11. Bf1 Be6 12. Bf4 Ng6 13. Bg3 Qb6 14. Na4 Qc6 15. Nc3 a6 16. Qe2 b5 17. e5 Nh5 18. Bh2 Bc4 19. Qe3 Bxf1 20. Kxf1 d5 21. Rad1 d4 22. Qe4 Qxe4 23. Nxe4 Nhf4 24. b4 c4 25. Nxd4 Bxb4 26. c3 Ba5 27. Nc6 Bd8 28. Nb4 a5 29. Nd5 Nd3 30. Re2 Ngxe5 31. Nd6 Ng6 32. Nxb5 Bg5 33. Nb6 Ra6 34. Nxc4 Ndf4 35. Re4 Ne6 36. Rd6 Rxd6 37. Ncxd6 Nc5 38. Rc4 Nd3 39. Rc7 Nc1 40. Ra7 Bd8 41. a4 Nd3 42. c4 Nc5 43. Ra8 Ne7 44. Bf4 Nd3 45. Be3 Nb2 46. Nc3 Nc6 47. Rc8 Ne5 48. c5 Be7 49. Rxf8+ Bxf8 50. Ke2 g6 51. f4 Nc6 52. Kd2 Bg7 53. Nde4 f5 54. Nd6 Bxc3+ 55. Kxc3 Nd1+ 56. Kd2 Nb2 57. Kc2 Nxa4 58. Kb3 Nxc5+ 59. Bxc5 Ne7 60. Kc4 Kg7 1-0

[Event "Politiken Cup 34th"]
[Site "Helsingor"]
[Date "2012.07.30"]
[Round "4"]
[White "Rasmussen, Morten"]
[Black "Jensen, Simon Stibolt"]
[Result "1/2-1/2"]
[WhiteElo "1893"]
[BlackElo "1687"]
[PlyCount "43"]
[EventDate "2012.07.28"]
[EventType "swiss"]
[EventRounds "10"]
[EventCountry "DEN"]
[SourceTitle "CBM 149 Extra"]
[Source "ChessBase"]
[SourceDate "2012.08.24"]
[SourceVersion "1"]
[SourceVersionDate "2012.08.24"]
[SourceQuality "1"]

1. d4 f5 2. g3 Nf6 3. Bg2 e6 4. Nf3 c5 5. 0-0 Nc6 6. c4 d5 7. cxd5 Nxd5 8. a3 Be7 9. dxc5 Bxc5 10. b4 Be7 11. Bb2 Bf6 12. Qb3 Bxb2 13. Qxb2 Qf6 14. Qxf6 Nxf6 15. Nbd2 0-0 16. Nc4 Nd5 17. Nfe5 Nce7 18. e4 fxe4 19. Bxe4 b6 20. Rfd1 Ba6 21. Rac1 Rfd8 22. Nf3 1/2-1/2

[Event "Copenhagen Challenge"]
[Site "Ballerup"]
[Date "2012.05.06"]
[Round "8"]
[White "Jensen, Simon Stibolt"]
[Black "Haubro, Martin"]
[Result "0-1"]
[WhiteElo "1667"]
[BlackElo "2092"]
[PlyCount "44"]
[EventDate "2012.05.02"]
[EventType "swiss"]
[EventRounds "9"]
[EventCountry "DEN"]
[SourceTitle "CBM 148 Extra"]
[Source "ChessBase"]
[SourceDate "2012.06.22"]
[SourceVersion "1"]
[SourceVersionDate "2012.06.22"]
[SourceQuality "1"]

1. e4 c5 2. Nf3 d6 3. Bb5+ Nd7 4. 0-0 Ngf6 5. Nc3 e5 6. d3 h6 7. Be3 a6 8. Bc4 Be7 9. Qd2 Nb6 10. Bd5 Nfxd5 11. Nxd5 Nxd5 12. exd5 f5 13. Qc1 f4 14. Bd2 0-0 15. Be1 Qe8 16. Nd2 f3 17. Nxf3 Rxf3 18. gxf3 Bh3 19. Kh1 Bxf1 20. Bd2 Be2 21. Bxh6 Bxf3+ 22. Kg1 Qg6+ 0-1

[Event "Copenhagen Challenge"]
[Site "Ballerup"]
[Date "2011.05.22"]
[Round "8"]
[White "Holtzmann, Sonny Reimer"]
[Black "Jensen, Simon Stibolt"]
[Result "0-1"]
[WhiteElo "1659"]
[BlackElo "1748"]
[PlyCount "28"]
[EventDate "2011.05.18"]
[EventType "swiss"]
[EventRounds "9"]
[EventCountry "DEN"]
[SourceTitle "EXT 2018"]
[Source "ChessBase"]
[SourceDate "2017.10.13"]
[SourceVersion "1"]
[SourceVersionDate "2017.10.13"]
[SourceQuality "1"]

1. c4 e5 2. g3 Nf6 3. Bg2 d5 4. cxd5 Nxd5 5. Nf3 Nc6 6. 0-0 Be6 7. d3 Qd7 8. Nc3 Be7 9. a3 h5 10. Ne4 h4 11. b4 hxg3 12. fxg3 Bh3 13. Bb2 Bxg2 14. Kxg2 Ne3+ 0-1

[Event "Copenhagen Challenge"]
[Site "Ballerup"]
[Date "2011.05.21"]
[Round "6"]
[White "Jensen, Simon Stibolt"]
[Black "Hein, Jacob"]
[Result "0-1"]
[WhiteElo "1748"]
[BlackElo "1577"]
[PlyCount "74"]
[EventDate "2011.05.18"]
[EventType "swiss"]
[EventRounds "9"]
[EventCountry "DEN"]
[SourceTitle "EXT 2018"]
[Source "ChessBase"]
[SourceDate "2017.10.13"]
[SourceVersion "1"]
[SourceVersionDate "2017.10.13"]
[SourceQuality "1"]

1. e4 c5 2. Nf3 g6 3. d4 Bg7 4. Nc3 cxd4 5. Nxd4 Nc6 6. Nxc6 bxc6 7. Bc4 Nf6 8. 0-0 0-0 9. Bf4 a5 10. e5 Ne8 11. Qd2 Bh8 12. Rad1 Ng7 13. Bh6 Qc7 14. Rfe1 Rd8 15. Ne4 Nf5 16. e6 d5 17. exf7+ Kxf7 18. Ng5+ Kg8 19. Nf3 Bxb2 20. g4 Nxh6 21. Qxh6 Bg7 22. Qd2 Bxg4 23. Be2 Bf5 24. Bd3 Be4 25. Qe3 Bxf3 26. Qxf3 Rf8 27. Qe3 Rae8 28. Qe6+ Kh8 29. Re3 Bd4 30. Bxg6 Rf6 31. Rh3 Rxe6 32. Rxh7+ Kg8 33. Bd3 Qf4 34. Rf1 Qg4+ 35. Kh1 Qf3+ 36. Kg1 Re5 37. Be2 Rg5# 0-1

[Event "Copenhagen Challenge"]
[Site "Ballerup"]
[Date "2011.05.20"]
[Round "4"]
[White "Jensen, Simon Stibolt"]
[Black "Lodahl, Holger Ronnow"]
[Result "0-1"]
[WhiteElo "1748"]
[BlackElo "1939"]
[PlyCount "92"]
[EventDate "2011.05.18"]
[EventType "swiss"]
[EventRounds "9"]
[EventCountry "DEN"]
[SourceTitle "EXT 2018"]
[Source "ChessBase"]
[SourceDate "2017.10.13"]
[SourceVersion "1"]
[SourceVersionDate "2017.10.13"]
[SourceQuality "1"]

1. e4 c5 2. Nf3 d6 3. d4 cxd4 4. Nxd4 Nf6 5. Nc3 a6 6. Be3 e5 7. Nf3 Be7 8. Bc4 0-0 9. Qd2 Nbd7 10. 0-0-0 b6 11. Bd5 Rb8 12. h4 Qc7 13. h5 Bb7 14. Bxb7 Qxb7 15. h6 g6 16. Bg5 Rfe8 17. Rhe1 Rbc8 18. Nd5 Nxd5 19. exd5 f6 20. Be3 b5 21. g4 Rc4 22. Rg1 Rec8 23. Ne1 Bd8 24. Rg2 Nb6 25. Bxb6 Bxb6 26. Qe2 Qc7 27. Kb1 Ba5 28. c3 b4 29. Rg3 bxc3 30. Rc1 Qb7 31. b3 Rd4 32. Qf3 Rf4 33. Qe2 Rd4 34. Rc2 Rd2 35. Qf3 Kf7 36. g5 f5 37. Nd3 Rxc2 38. Kxc2 e4 39. Qf4 exd3+ 40. Rxd3 Qb6 41. Rd4 Re8 42. b4 Re2+ 43. Kxc3 Qb8 44. bxa5 Qb2+ 45. Kc4 Rc2+ 46. Kd3 Qc3# 0-1

[Event "Copenhagen Challenge"]
[Site "Ballerup"]
[Date "2011.05.19"]
[Round "2"]
[White "Jensen, Simon Stibolt"]
[Black "Andersen, Rune Egede"]
[Result "0-1"]
[WhiteElo "1748"]
[BlackElo "2063"]
[PlyCount "60"]
[EventDate "2011.05.18"]
[EventType "swiss"]
[EventRounds "9"]
[EventCountry "DEN"]
[SourceTitle "EXT 2018"]
[Source "ChessBase"]
[SourceDate "2017.10.13"]
[SourceVersion "1"]
[SourceVersionDate "2017.10.13"]
[SourceQuality "1"]

1. e4 e6 2. d4 d5 3. e5 c5 4. c3 Qb6 5. Nf3 Nc6 6. Qb3 cxd4 7. Qxb6 axb6 8. cxd4 Nb4 9. Bb5+ Bd7 10. Bxd7+ Kxd7 11. Na3 Nd3+ 12. Ke2 Nxc1+ 13. Rhxc1 Bxa3 14. bxa3 Rxa3 15. Rc2 Ne7 16. Rb1 Rc8 17. Rcb2 Rc6 18. Rxb6 Rxb6 19. Rxb6 Rxa2+ 20. Ke1 Kc7 21. Rb1 h6 22. Nd2 Nc6 23. Rc1 Kd7 24. Rb1 Kc7 25. Rc1 Rb2 26. Nf3 b5 27. Kf1 Kb6 28. Ra1 b4 29. Ra8 b3 30. Rf8 Rc2 0-1

[Event "Copenhagen Challenge"]
[Site "Ballerup"]
[Date "2011.05.19"]
[Round "3"]
[White "Vesterli, Michael"]
[Black "Jensen, Simon Stibolt"]
[Result "1-0"]
[WhiteElo "1959"]
[BlackElo "1748"]
[PlyCount "79"]
[EventDate "2011.05.18"]
[EventType "swiss"]
[EventRounds "9"]
[EventCountry "DEN"]
[SourceTitle "EXT 2018"]
[Source "ChessBase"]
[SourceDate "2017.10.13"]
[SourceVersion "1"]
[SourceVersionDate "2017.10.13"]
[SourceQuality "1"]

1. d4 d5 2. c4 e6 3. Nc3 Nf6 4. Nf3 c5 5. Bg5 cxd4 6. Nxd4 dxc4 7. e4 Be7 8. Bxc4 0-0 9. 0-0 Nc6 10. Nxc6 bxc6 11. Qxd8 Bxd8 12. Rfd1 Nd7 13. Bf4 Nb6 14. Bd6 Re8 15. Be2 Bb7 16. a4 Be7 17. a5 Bxd6 18. Rxd6 Nc8 19. Rd7 Rb8 20. Na4 Ba8 21. Ba6 Rb4 22. f3 Ne7 23. Rxa7 c5 24. Nxc5 Rxb2 25. Na4 Rd2 26. Rc1 Ng6 27. Nb6 Nf4 28. Rxa8 Rxa8 29. Nxa8 Rxg2+ 30. Kf1 h6 31. Rc8+ Kh7 32. Bb5 Rxh2 33. Nb6 h5 34. a6 Rh1+ 35. Kf2 Ra1 36. Na4 Nd3+ 37. Ke3 h4 38. a7 h3 39. a8Q Kg6 40. Bxd3 1-0

[Event "Copenhagen Challenge"]
[Site "Ballerup"]
[Date "2011.05.18"]
[Round "1"]
[White "Kvisvik, Brede Alexander"]
[Black "Jensen, Simon Stibolt"]
[Result "1-0"]
[WhiteElo "2175"]
[BlackElo "1748"]
[PlyCount "43"]
[EventDate "2011.05.18"]
[EventType "swiss"]
[EventRounds "9"]
[EventCountry "DEN"]
[SourceTitle "EXT 2018"]
[Source "ChessBase"]
[SourceDate "2017.10.13"]
[SourceVersion "1"]
[SourceVersionDate "2017.10.13"]
[SourceQuality "1"]

1. e4 e5 2. Nf3 d6 3. Bc4 Be7 4. 0-0 Bg4 5. c3 Nc6 6. d3 Na5 7. Bb5+ Nc6 8. Be3 Nf6 9. Nbd2 Qd7 10. d4 Bxf3 11. Nxf3 a6 12. Ba4 b5 13. Bc2 Rd8 14. a4 0-0 15. axb5 axb5 16. d5 Nb8 17. Ra7 Rc8 18. Qe2 Qg4 19. h3 Qg6 20. Nh4 Qh5 21. Qxh5 Nxh5 22. Nf5 1-0

[Event "Amager-ch"]
[Site "Amager"]
[Date "2010.09.21"]
[Round "4"]
[White "Larsen, Ulrik Jejlskov"]
[Black "Jensen, Simon Stibolt"]
[Result "0-1"]
[WhiteElo "1526"]
[BlackElo "1250"]
[PlyCount "58"]
[EventDate "2010.08.24"]
[EventType "swiss"]
[EventRounds "7"]
[EventCountry "DEN"]
[SourceTitle "EXT 2023"]
[Source "ChessBase"]
[SourceDate "2022.10.05"]
[SourceVersion "1"]
[SourceVersionDate "2022.10.05"]
[SourceQuality "1"]

1. d4 d5 2. e3 Nf6 3. Bd3 c5 4. c3 c4 5. Bc2 Nc6 6. Nf3 Bg4 7. Nbd2 b5 8. 0-0 e5 9. dxe5 Nxe5 10. Qe2 Nxf3+ 11. Nxf3 Qc7 12. e4 Be7 13. exd5 Nxd5 14. Re1 Rd8 15. Bg5 Rd6 16. Qe4 f5 17. Qe5 Bxf3 18. Qxg7 Rf8 19. gxf3 Rg6 20. Qxh7 Rxg5+ 21. Kh1 Qf4 22. Bd1 Rfg8 23. a4 Qd2 24. Be2 bxa4 25. Bxc4 Qxf2 26. Qh3 Nf4 27. Bb5+ Kf8 28. Qh6+ R5g7 29. Re2 Qxf3+ 0-1

[Event "Amager-ch"]
[Site "Amager"]
[Date "2010.09.07"]
[Round "3"]
[White "Jensen, Simon Stibolt"]
[Black "Jensen, Thore Nyboe"]
[Result "1-0"]
[WhiteElo "1250"]
[BlackElo "1965"]
[PlyCount "41"]
[EventDate "2010.08.24"]
[EventType "swiss"]
[EventRounds "7"]
[EventCountry "DEN"]
[SourceTitle "EXT 2023"]
[Source "ChessBase"]
[SourceDate "2022.10.05"]
[SourceVersion "1"]
[SourceVersionDate "2022.10.05"]
[SourceQuality "1"]

1. e4 c5 2. Nf3 d6 3. d4 cxd4 4. Nxd4 Nf6 5. Nc3 a6 6. Bc4 b5 7. Bb3 Nbd7 8. Bg5 Qc7 9. 0-0 Bb7 10. f3 e6 11. Re1 Nc5 12. Bxf6 Nxb3 13. axb3 gxf6 14. Qd2 0-0-0 15. Ncxb5 axb5 16. Nxb5 Qb6+ 17. Re3 Qxb5 18. Rc3+ Kb8 19. Qd4 Qc5 20. Rxc5 dxc5 21. Qxd8+ 1-0